[Event "Texas Amateur-ch"]
[Site "Dallas"]
[Date "2003.05.24"]
[Round "1"]
[White "Campbell, David R"]
[Black "Chin, Ming T"]
[Result "0-1"]
[WhiteElo "1193"]
[BlackElo "1717"]
[PlyCount "40"]
[EventDate "2003.05.23"]
[EventType "swiss"]
[EventRounds "7"]
[EventCountry "USA"]
[SourceTitle "EXT 2005"]
[Source "ChessBase"]
[SourceDate "2004.11.15"]
[SourceVersion "1"]
[SourceVersionDate "2004.11.15"]
[SourceQuality "1"]

1. e4 c5 2. d4 cxd4 3. c3 dxc3 4. Nxc3 d6 5. Nf3 Nf6 6. Bc4 e6 7. 0-0 Be7 8. Qe2 a6 9. Rd1 Qc7 10. Bf4 Nc6 11. e5 dxe5 12. Nxe5 Nxe5 13. Bxe5 Qa5 14. Rac1 0-0 15. Bd6 Bxd6 16. Rxd6 b5 17. Bb3 Bb7 18. Ne4 Bxe4 19. f3 Bd5 20. Bc2 Qb4 0-1

[Event "Texas Amateur-ch"]
[Site "Dallas"]
[Date "2003.05.24"]
[Round "2"]
[White "Pemberton, James C"]
[Black "Campbell, David R"]
[Result "1-0"]
[WhiteElo "1549"]
[BlackElo "1193"]
[PlyCount "45"]
[EventDate "2003.05.23"]
[EventType "swiss"]
[EventRounds "7"]
[EventCountry "USA"]
[SourceTitle "EXT 2005"]
[Source "ChessBase"]
[SourceDate "2004.11.15"]
[SourceVersion "1"]
[SourceVersionDate "2004.11.15"]
[SourceQuality "1"]

1. e4 c5 2. Nf3 d6 3. d4 cxd4 4. Qxd4 Nc6 5. Bb5 Bd7 6. Bxc6 Bxc6 7. Nc3 Nf6 8. Bg5 g6 9. 0-0-0 Bg7 10. Rhe1 0-0 11. e5 Nd7 12. Qh4 f6 13. exf6 Nxf6 14. Ne5 Qc7 15. Qc4+ Kh8 16. Nf7+ Kg8 17. Nxd6+ Kh8 18. Nf7+ Kg8 19. Ne5+ Kh8 20. Rd3 Ne8 21. Nf7+ Kg8 22. Nh6+ Kh8 23. Qg8+ 1-0